| 000 | 00589nam a2200217Ia 4500 | ||
|---|---|---|---|
| 005 | 20230317104129.0 | ||
| 008 | 131103s9999 xx 000 0 und d | ||
| 020 |
_a8172151039 _cRs.175 |
||
| 040 | _aLoreto College | ||
| 041 | _aEnglish | ||
| 082 |
_a891.44 _bSEN |
||
| 100 | _aSen, Sukumar | ||
| 245 |
_aBangla sahityer itihas _b 1801-1880 _cSukumar Sen |
||
| 250 | _a7th ed | ||
| 260 |
_aCalcutta _bAnaada Pub _c1981 |
||
| 300 |
_aV.3(564p) _b ill. |
||
| 504 | _aInclude index | ||
| 650 | _aBengali Literature - History and Criticism, 1801-1880 | ||
| 850 | _aLCLIB | ||
| 942 | _cBK | ||
| 999 |
_c20483 _d70962 |
||